| 000 | 00975cam a22003017a 4500 | ||
|---|---|---|---|
| 003 | CHAP | ||
| 005 | 20220329140210.0 | ||
| 008 | 971013s1974 r 00010 d | ||
| 010 | _a48458 | ||
| 011 | _a49430 | ||
| 035 | _a53578 | ||
| 040 | _cCHAP | ||
| 082 |
_a634 _bR53 1974 |
||
| 100 | 0 | 0 |
_aRigau, Alejo. _997409 |
| 245 | 1 | 3 | _aEl cultivo de los frutales |
| 250 | _a4 ed. | ||
| 260 |
_aBarcelona : _bSintes, _c1974 |
||
| 300 |
_a3 v. _b: ilus. |
||
| 505 | _aContenido : v.1 Fruticultura general (5 ed. 1976).--v.2-3 Fruticultura especial | ||
| 590 |
_aBATCH-UPD _b10 _c20130110 _lUCH01 _h0920 |
||
| 590 |
_aCONVERSION _b10 _c20130109 _lUCH01 _h1326 |
||
| 650 | 1 | 4 |
_aFruticultura. _943684 |
| 901 | _aBK | ||
| 942 | _cLIBRO | ||
| 949 |
_a634 R53 1974 _bBC _cLIBRO _d-118713 _eLIBRO _fv.1 _h44104 _i53578 _si |
||
| 949 |
_a634 R53 1974 _bBC _cLIBRO _d-118714 _eLIBRO _fv.2 _h44105 _i53578 _si _t88.00 |
||
| 949 |
_a634 R53 1974 _bBC _cLIBRO _d-118715 _eLIBRO _fv.3 _h44106 _i53578 _si _t88.00 |
||
| 999 |
_c48458 _d48458 |
||